| 000 | 00361nam a22001217a 4500 | ||
|---|---|---|---|
| 999 |
_c1547 _d1547 |
||
| 005 | 20200901140533.0 | ||
| 008 | 200901b ||||| |||| 00| 0 eng d | ||
| 020 | _a0582584973 | ||
| 040 | _cCML | ||
| 245 |
_aBasic Science Course for Africa. _cBasic, P. |
||
| 260 |
_aHong Kong _bLongman Group Ltd _c1988 |
||
| 942 |
_2ddc _cBK _e1st Edition _h500 _mZAM |
||